000
00336nam a2200133Ia 4500
008
161229s9999 xx 000 0 und d
020
_a
8173910340
082
_a
334.5 PER/CO
100
_a
Perumal,R
245
_a
Consumers' cooperatives in India
260
_b
Kanishka publishers distributors
_a
Delhi
300
_a
222
942
_c
BK
999
_c
152130
_d
152130